Mapeamento das áreas de preservação permanente do estado do Espírito Santo, Brasil (Registro n. 86830)
[ somente texto ]
| 000 -LÍDER | |
|---|---|
| fixed length control field | 03511nab a2200325 i 4500 |
| 003 - CÓDIGO MARC DA AGÊNCIA CATALOGADORA | |
| Campo de controle | BR-BrBNA |
| 005 - DATA E HORA DA ÚLTIMA ATUALIZAÇÃO | |
| Campo de controle | 20231128111357.0 |
| 008 - CAMPO DE TAMANHO FIXO | |
| fixed length control field | 231128b2017 bl.qr|pooa||| 00| 0 por | |
| 040 ## - FONTE DA CATALOGAÇÃO | |
| Agência catalogadora | BR-BrBNA |
| Idioma da catalogação | por |
| 072 ## - CATEGORIA AGRIS | |
| Código AGRIS | K10 |
| 072 ## - CATEGORIA AGRIS | |
| Código AGRIS | U40 |
| 100 ## - ENTRADA PRINCIPAL - NOME PESSOAL | |
| Nome pessoal | Eugenio, Fernando Coelho |
| 100 ## - ENTRADA PRINCIPAL - NOME PESSOAL | |
| Nome pessoal | Santos, Alexandre Rosa dos |
| 100 ## - ENTRADA PRINCIPAL - NOME PESSOAL | |
| Nome pessoal | Fiedler, Nilton Cesar |
| 100 ## - ENTRADA PRINCIPAL - NOME PESSOAL | |
| Nome pessoal | Ribeiro, Guido Assunção |
| 100 ## - ENTRADA PRINCIPAL - NOME PESSOAL | |
| Nome pessoal | Silva, Aderbal Gomes da |
| 100 ## - ENTRADA PRINCIPAL - NOME PESSOAL | |
| Nome pessoal | Soares, Vicente Paulo |
| 100 ## - ENTRADA PRINCIPAL - NOME PESSOAL | |
| Nome pessoal | Gleriani, José Marinaldo |
| 245 ## - TÍTULO PRINCIPAL | |
| Título principal | Mapeamento das áreas de preservação permanente do estado do Espírito Santo, Brasil |
| 500 ## - NOTA GERAL | |
| Nota geral | Publicação on-line; 14 ref.; 2 tables; 3 illus.; Summaries (En, Pt) |
| 942 ## - ADDED ENTRY ELEMENTS (KOHA) | |
| Koha item type | |
| 520 ## - NOTA DE RESUMO | |
| Nota de conteúdo | <br/><br/>RESUMO<br/>O estudo foi realizado em todo o estado do Espírito Santo, com o objetivo de delimitar as Áreas de<br/>Preservação Permanentes (APPs) na ótica da Lei 12.651/2012 (Código Florestal) e ressaltar a importância<br/>de identificar as áreas de forma automática. Cada APP possui uma metodologia própria para o seu<br/>mapeamento, entretanto, todas foram mapeadas com o auxílio de geotecnologia. O estado possui 22,43%<br/>de sua área de APPs, distribuídas ao longo da faixa marginal dos cursos d’água (10,42%); no entorno de<br/>lagos e lagoas naturais (0,67%); no entorno dos reservatórios d’água artificiais (0,02%); no entorno das<br/>nascentes (0,89%); em encostas com declividades superiores a 45º (0,24%); em restingas (1,92%); em<br/>manguezais (0,19%); em topo de morros (8,98%); e em altitudes superiores a 1.800 metros (0,19%) da área<br/>total do estado. O presente estudo serve como subsídio técnico para avaliação e quantificação da APPs em<br/>um Estado, visto que é o primeiro em nível estadual no Brasil sobre o tema.<br/><br/>Palavras-chave: proteção florestal; geoprocessamento; política florestal. |
| 520 ## - NOTA DE RESUMO | |
| Nota de conteúdo | <br/><br/>ABSTRACT<br/>The study was conducted across the state of Espirito Santo, with the objective of limiting the Permanent<br/>Preservation Areas (PPAs) by optical law 12.651/2012 (forest code) and highlight the importance of<br/>identifying those areas automatically. Each PPA has its own methodology for their mapping, however, all<br/>were mapped with the aid of geotechnology. The state has 22.43% of its PPA area distributed along the<br/>marginal strip watercourses (10.42%); in the surroundings of lakes and natural ponds (0.67%); around the<br/>artificial water reservoirs (0.02%), in the vicinity of springs (0.89%) in the hillsides with slopes greater than<br/>45° (0.24%); in restingas (1.92%); in mangroves (0.19%); on top of hills (8.98%); and in higher than 1800<br/>meters (0.19%) of the total area of the state altitudes. This study serves as a technical subsidy for evaluation<br/>and quantification of PPAs in a State, since it is the first one in a state level in Brazil on the issue.<br/><br/>Keywords: forest protection; GIS; forest policy. |
| 650 ## - ASSUNTO - THESAGRO | |
| Cabeçalho tópico ou nome geográfico | PROTEÇÃO FLORESTAL |
| 650 ## - ASSUNTO - THESAGRO | |
| Cabeçalho tópico ou nome geográfico | SISTEMA DE INFORMAÇÃO GEOGRÁFICA |
| 650 ## - ASSUNTO - THESAGRO | |
| Cabeçalho tópico ou nome geográfico | POLÍTICA FLORESTAL |
| 773 0# - ENTRADA ANALÍTICA | |
| Host Biblionumber | 4065 |
| Registro do item | 102230 |
| Imprenta | Santa Maria-RS Universidade Federal de Santa Maria - Centro de Pesquisas Florestais.Departamento de Ciências Florestais. Programa de Pós-Graduação em Engenharia Florestal 1991 |
| Outro identificador | 2023-436645 |
| Título | Ciência Florestal (Brazil) |
| ISSN | 0103-9954; 1980-5098 (on-line) |
| Colação | v. 27(3) p. 897-906; (Jul-Sep 2017) |
| Número de controle de registro | BR2023001342 |
| 856 ## - ACESSO E ENDEREÇO ELETRÔNICO | |
| Identificador uniforme de recurso - URI | https://www.scielo.br/j/cflo/a/qkKFJX6fhhKfP43HzH3qSmk/?format=pdf&lang=pt |
Nenhum exemplar disponível.

BINAGRI